000 00746nam a2200241 i 4500
001 C2-0324428
003 PPAK
005 20180728122807.0
008 131212s2012 xx a|||| ||||| | may d
040 _aPPAK
_beng
_cPPAK
_erda
082 0 4 _a928.9923
_223
090 0 0 _a928.9923
_bFAD
_dKK
100 0 _aFadli Al-Akiti,
_eauthor
245 1 0 _aAbdullah Hussain cuma mahu menulis
264 1 _a[place of publication not identified] :
_b[publisher not identified] ,
_c2012
300 _a2 pages :
_billustrations ;
_c30 cm.
336 _2rdacontent
_atext
337 _2rdamedia
_aunmediated
338 _2rdacarrier
_avolume
500 _aDipetik Daripada Dewan Sastera - Mei 2012
650 1 0 _aAuthors, Malay - Malaysia.
942 _ddc
_cB
999 _c124398
_d124398